00480nam a2200121Ia 4500008004100000245017800041260002400219260000900243300000700252650002300259650001200282856006400294170516s9999 xx 000 0 und d aSynthesis, characterization and dose dependent antimicrobial and anti-cancerous activity of phycogenic silver nanoparticles against human hepatic carcinoma (HepG2) cell line bAIMS Bioengineering c2016 a:4 xMedical Technology xMedtech uhttp://www.aimspress.com/journal/Bioengineering/2016/4.html